000 00309 a2200169 4500
001 188715
020 _a
040 _cMagnum
100 _aMartins, Kao
240 1 0 _aFeminismo
_lpor
245 1 0 _aFeminismo
300 _a64
362 0 _a1992
440 1 _aLĂȘ
697 _aSOCIOLOGIA
942 _cBK
999 _c188715
_d188715